[Event "XIII Magistral de Elgoibar"]
[Site "Elgoibar"]
[Date "2003.12.03"]
[Round "1.1"]
[White "Korneev, Oleg"]
[Black "Argandona Rivero, Inigo"]
[Result "1-0"]
[WhiteElo "2559"]
[BlackElo "2344"]
[PlyCount "93"]
[EventDate "2003.12.03"]

1. e4 e5 2. Nf3 Nc6 3. Bb5 Nf6 4. O-O Nxe4 5. d4 Nd6 6. Bxc6 dxc6 7. dxe5 Nf5
8. Qxd8+ Kxd8 9. Nc3 Ke8 10. h3 a5 11. a3 Be6 12. Re1 h6 13. g4 Ne7 14. Nd4 Rd8
15. Nxe6 fxe6 16. Ne4 Ng6 17. f4 Be7 18. Be3 Rf8 19. Rf1 a4 20. Rae1 Rd5 21.
Re2 Rb5 22. c3 b6 23. Rd2 Rd5 24. c4 Ra5 25. Re2 Kd7 26. Bd2 Raa8 27. Ng3 Bc5+
28. Kh2 Rae8 29. Nh5 Re7 30. Bc3 Kc8 31. Kg3 Rd7 32. f5 Rd3+ 33. Kh2 Rf7 34.
Nxg7 Rxg7 35. fxg6 Bxa3 36. bxa3 Rxc3 37. Rf6 Rxa3 38. h4 Rc3 39. h5 Rxc4 40.
Kg3 Rc3+ 41. Kf4 a3 42. g5 Rd7 43. Rf8+ Kb7 44. gxh6 Rdd3 45. Kg5 Re3 46. Rxe3
Rxe3 47. h7 1-0

[Event "XIII Magistral de Elgoibar"]
[Site "Elgoibar"]
[Date "2003.12.03"]
[Round "1.2"]
[White "Saldano, Horacio"]
[Black "Perez, Rodney"]
[Result "1/2-1/2"]
[WhiteElo "2424"]
[BlackElo "2449"]
[PlyCount "109"]
[EventDate "2003.12.03"]

1. e4 d5 2. exd5 Qxd5 3. Nc3 Qd6 4. d4 Nf6 5. Bd3 Nc6 6. Nge2 e5 7. Nb5 Qd8 8.
dxe5 Nxe5 9. Bf4 Bb4+ 10. Kf1 Qe7 11. Ned4 O-O 12. Qe2 Nxd3 13. Qxe7 Bxe7 14.
cxd3 Nd5 15. Nxc7 Nxc7 16. Bxc7 Bf6 17. Nf3 Bxb2 18. Rb1 Bf6 19. Ke2 b6 20.
Rhc1 Re8+ 21. Kd2 Bb7 22. Bf4 h6 23. Be3 Re7 24. a4 Rd8 25. Ne1 Red7 26. Ke2
Ba6 27. Rb3 Be5 28. Rc2 f5 29. g3 Kf7 30. h4 Re8 31. Kd2 Rde7 32. d4 Bxd4 33.
Bxd4 Re2+ 34. Kc1 Rxe1+ 35. Kb2 R1e2 36. Re3 Rxc2+ 37. Kxc2 Rd8 38. Bc3 Bb7 39.
Re5 g6 40. a5 Be4+ 41. Kb3 Bd5+ 42. Ka3 h5 43. axb6 axb6 44. Bd4 b5 45. Bc5 Be6
46. Kb4 Rb8 47. Bd6 Rb6 48. Bc5 Rb7 49. Re1 Bd5 50. Ra1 Bc4 51. Ra7 Rxa7 52.
Bxa7 Ke6 53. Be3 Kd5 54. Bg5 Ke4 55. f4 1/2-1/2

[Event "XIII Magistral de Elgoibar"]
[Site "Elgoibar"]
[Date "2003.12.03"]
[Round "1.3"]
[White "Perez Candelario, Manuel"]
[Black "Paunovic, Dragan"]
[Result "1-0"]
[WhiteElo "2463"]
[BlackElo "2504"]
[PlyCount "59"]
[EventDate "2003.12.03"]

1. e4 c5 2. Nf3 e6 3. d4 cxd4 4. Nxd4 a6 5. Nc3 Qc7 6. Be2 Nf6 7. a3 b5 8. f4
b4 9. axb4 Bxb4 10. O-O Bxc3 11. bxc3 Bb7 12. e5 Ne4 13. Ba3 Nc6 14. Nxc6 Nxc3
15. Qe1 Nxe2+ 16. Qxe2 Qxc6 17. Rab1 Qe4 18. Qf2 Bc6 19. Rfe1 Qd5 20. Red1 Qe4
21. Rd4 Qg6 22. Rd3 f5 23. Rg3 Qf7 24. Qa7 Qg8 25. Qc5 Qf8 26. Qb6 Qg8 27. Qb4
Qf8 28. Qd4 d6 29. Rb6 Bd5 30. Rxd6 1-0

[Event "XIII Magistral de Elgoibar"]
[Site "Elgoibar"]
[Date "2003.12.03"]
[Round "1.4"]
[White "Gonzalez de la Torre, Santiago"]
[Black "Gomez Esteban, Juan Mario"]
[Result "1/2-1/2"]
[WhiteElo "2365"]
[BlackElo "2465"]
[PlyCount "82"]
[EventDate "2003.12.03"]

1. e4 c5 2. Nc3 d6 3. f4 Nc6 4. Nf3 g6 5. Bc4 Bg7 6. O-O e6 7. d3 Nge7 8. Qe1
O-O 9. f5 gxf5 10. Qg3 fxe4 11. dxe4 Ng6 12. Bf4 Nxf4 13. Qxf4 Ne5 14. Be2 Bd7
15. Rad1 Bc6 16. Nxe5 Bxe5 17. Qh6 Qe7 18. Rd3 Kh8 19. Rh3 f6 20. Bd3 Rf7 21.
Ne2 Rg8 22. Nf4 Rfg7 23. Rg3 Rxg3 24. hxg3 Rxg3 25. Rf3 Rg4 26. Nh5 Rg6 27. Qd2
c4 28. Bxc4 Bxe4 29. Bd3 Bxf3 30. Bxg6 Bxh5 31. Bxh5 f5 32. c3 Kg7 33. Bd1 d5
34. Qe3 Bd6 35. b4 Qh4 36. Qxe6 Bh2+ 37. Kf1 Qf4+ 38. Bf3 Qc1+ 39. Qe1 Qxe1+
40. Kxe1 b6 41. Bxd5 Kf6 1/2-1/2

[Event "XIII Magistral de Elgoibar"]
[Site "Elgoibar"]
[Date "2003.12.03"]
[Round "1.5"]
[White "Cifuentes Parada, Roberto"]
[Black "Conquest, Stuart"]
[Result "1/2-1/2"]
[WhiteElo "2501"]
[BlackElo "2545"]
[PlyCount "99"]
[EventDate "2003.12.03"]

1. d4 d6 2. c4 e5 3. Nf3 exd4 4. Nxd4 g6 5. e4 Bg7 6. Nc3 Nc6 7. Be3 Nge7 8. h4
h5 9. Nxc6 bxc6 10. Bd4 f6 11. c5 Be6 12. Qa4 O-O 13. O-O-O Qe8 14. Bc4 Qf7 15.
Bxe6 Qxe6 16. Qb3 Qxb3 17. axb3 Rfb8 18. Kc2 Rb4 19. Be3 Rab8 20. cxd6 cxd6 21.
Rxd6 Rxb3 22. Bc1 Kf7 23. Rhd1 a5 24. f3 R3b4 25. Rd7 R8b7 26. Rxb7 Rxb7 27.
Rd8 c5 28. Rd6 f5 29. Be3 fxe4 30. fxe4 Be5 31. Ra6 Bd4 32. Bg5 Kg7 33. g3 Kf7
34. Na4 c4 35. Nc3 Be5 36. Bf4 Bd4 37. Rxa5 Nc6 38. Rb5 Ra7 39. Nd5 Bg7 40. Be3
Nd4+ 41. Bxd4 Bxd4 42. Nf4 Re7 43. Nh3 Bf6 44. Ng5+ Bxg5 45. Rxg5 Rxe4 46. Kc3
Kf6 47. Kb4 Re2 48. Kc3 Rg2 49. Kxc4 Rxb2 50. Kd3 1/2-1/2

[Event "XIII Magistral de Elgoibar"]
[Site "Elgoibar"]
[Date "2003.12.04"]
[Round "2.1"]
[White "Argandona Rivero, Inigo"]
[Black "Conquest, Stuart"]
[Result "0-1"]
[WhiteElo "2344"]
[BlackElo "2545"]
[PlyCount "60"]
[EventDate "2003.12.03"]

1. d4 Nf6 2. Nf3 g6 3. c4 Bg7 4. Nc3 d5 5. Qa4+ Nc6 6. Ne5 Bd7 7. Nxd7 Qxd7 8.
e3 O-O 9. cxd5 Nxd5 10. Bb5 Nb6 11. Bxc6 Qe6 12. Qb5 bxc6 13. Qe2 a5 14. O-O a4
15. Qc2 Rfb8 16. Bd2 Nc4 17. Rab1 Qf5 18. e4 Qa5 19. Be3 e6 20. Rfc1 c5 21. Ne2
Nxe3 22. fxe3 Bh6 23. Qd3 cxd4 24. Nxd4 c5 25. Nc6 Qb5 26. Ne7+ Kf8 27. Qd6 Rd8
28. Nxg6+ Kg7 29. Qe5+ f6 30. Qc3 Rd3 0-1

[Event "XIII Magistral de Elgoibar"]
[Site "Elgoibar"]
[Date "2003.12.04"]
[Round "2.2"]
[White "Gomez Esteban, Juan Mario"]
[Black "Cifuentes Parada, Roberto"]
[Result "0-1"]
[WhiteElo "2465"]
[BlackElo "2501"]
[PlyCount "102"]
[EventDate "2003.12.03"]

1. d4 d5 2. c4 c6 3. Nf3 Nf6 4. Nc3 dxc4 5. a4 Bf5 6. Ne5 Nbd7 7. Nxc4 Qc7 8.
g3 e5 9. dxe5 Nxe5 10. Bf4 Nfd7 11. Bg2 g5 12. Nxe5 gxf4 13. Nxd7 O-O-O 14. Qd4
Qxd7 15. Qxf4 Bd6 16. Qc1 Kb8 17. O-O a5 18. Ne4 Bb4 19. Qf4+ Ka8 20. Rac1 Bg6
21. Nc5 Qd6 22. Qc4 Qd4 23. Nb3 Qxc4 24. Rxc4 Rhe8 25. Rd4 Bc2 26. Rxd8+ Rxd8
27. Nc1 Rd2 28. Nd3 Rxe2 29. Nxb4 axb4 30. a5 Bg6 31. f4 Rxb2 32. f5 Bh5 33. a6
Be2 34. axb7+ Kxb7 35. Rc1 Bb5 36. g4 b3 37. Be4 Re2 38. Bb1 h6 39. h4 f6 40.
g5 hxg5 41. hxg5 fxg5 42. f6 Re6 43. f7 Rf6 44. Bg6 Kc7 45. Rc3 b2 46. Rb3 Bc4
47. Rxb2 Bd5 48. Kh2 Rf3 49. Rd2 g4 50. Rc2 Rh3+ 51. Kg1 g3 0-1

[Event "XIII Magistral de Elgoibar"]
[Site "Elgoibar"]
[Date "2003.12.04"]
[Round "2.3"]
[White "Paunovic, Dragan"]
[Black "Gonzalez de la Torre, Santiago"]
[Result "1-0"]
[WhiteElo "2504"]
[BlackElo "2365"]
[PlyCount "169"]
[EventDate "2003.12.03"]

1. c4 Nf6 2. Nc3 e5 3. g3 d5 4. cxd5 Nxd5 5. Bg2 Nb6 6. d3 Be7 7. Be3 O-O 8.
Rc1 Re8 9. Nf3 Nc6 10. O-O Bf8 11. Ne4 Nd4 12. Ned2 Nxf3+ 13. Nxf3 Nd5 14. Bd2
c5 15. a3 b6 16. Qa4 Bb7 17. b4 e4 18. dxe4 Rxe4 19. Rfd1 Qe8 20. Qb3 Nf6 21.
bxc5 Bd5 22. Qd3 Bxc5 23. Bg5 Re6 24. Nd4 Bxg2 25. Kxg2 Rd6 26. Bxf6 Rxf6 27.
Nf5 g6 28. Nh6+ Kg7 29. Ng4 Re6 30. Qc3+ f6 31. Qd2 Rxe2 32. Qh6+ Kh8 33. Qh4
Re6 34. Re1 Qc6+ 35. f3 Rf8 36. Qh6 Rfe8 37. Qd2 Kg7 38. Qh6+ Kh8 39. Qd2 Kg7
40. Qh6+ Kg8 41. Qd2 f5 42. Nf2 Rxe1 43. Rxe1 Rxe1 44. Qxe1 Bxa3 45. Qa1 Qd6
46. g4 Bc5 47. Qa2+ Kf8 48. g5 Bxf2 49. Qxf2 Qf4 50. h4 Qb4 51. Kh3 Qc3 52. Qg3
Ke7 53. Qf2 Kd6 54. Kg2 Kd5 55. Qa2+ Kc6 56. Qxa7 Qd2+ 57. Kh3 Qd7 58. Qa4+ b5
59. Qc2+ Kb6 60. Qf2+ Kc6 61. Qc2+ Kb6 62. Qf2+ Kb7 63. Qc5 Qc6 64. Qe7+ Qc7
65. Qb4 Qe5 66. Qd2 Kc6 67. Qa5 Qd5 68. Kg3 Qd6+ 69. Kh3 Qd5 70. Kg2 Kc5 71.
Qa7+ Kc4 72. Qxh7 b4 73. h5 b3 74. hxg6 b2 75. g7 Qd2+ 76. Kh3 b1=Q 77. g8=Q+
Qd5 78. Qc7+ Kd4 79. Qa7+ Kc4 80. Qa4+ Kc3 81. Qxd5 Qh1+ 82. Kg3 f4+ 83. Kg4
Qg2+ 84. Kf5 Qh3+ 85. Kg6 1-0

[Event "XIII Magistral de Elgoibar"]
[Site "Elgoibar"]
[Date "2003.12.04"]
[Round "2.4"]
[White "Perez, Rodney"]
[Black "Perez Candelario, Manuel"]
[Result "1/2-1/2"]
[WhiteElo "2449"]
[BlackElo "2463"]
[PlyCount "39"]
[EventDate "2003.12.03"]

1. e4 c5 2. Nf3 e6 3. b3 a6 4. Bb2 d6 5. d4 cxd4 6. Nxd4 Nf6 7. Bd3 Nbd7 8. O-O
Ne5 9. Qe2 Nxd3 10. cxd3 g6 11. Nd2 Bg7 12. Rac1 O-O 13. Rc2 e5 14. N4f3 Nh5
15. d4 Re8 16. dxe5 dxe5 17. Nc4 Bg4 18. h3 Nf4 19. Qe3 Bxf3 20. Qxf3 1/2-1/2

[Event "XIII Magistral de Elgoibar"]
[Site "Elgoibar"]
[Date "2003.12.04"]
[Round "2.5"]
[White "Korneev, Oleg"]
[Black "Saldano, Horacio"]
[Result "1/2-1/2"]
[WhiteElo "2559"]
[BlackElo "2424"]
[PlyCount "106"]
[EventDate "2003.12.03"]

1. e4 c5 2. Nf3 e6 3. d4 cxd4 4. Nxd4 Nc6 5. Nb5 d6 6. Bf4 e5 7. Be3 a6 8. N5c3
Nf6 9. Bg5 Be7 10. Bxf6 Bxf6 11. Nd2 O-O 12. Nc4 Be7 13. Nd5 Be6 14. c3 b5 15.
Nce3 Bg5 16. Be2 Ne7 17. Bf3 Rc8 18. O-O Nxd5 19. Nxd5 Rc5 20. Nb4 a5 21. Nd3
Rc6 22. Re1 g6 23. Bg4 Bc4 24. b3 Bxd3 25. Qxd3 Qc7 26. Qxb5 Bd2 27. Re2 Bxc3
28. Rc1 Rc5 29. Qd3 Bd4 30. Rec2 Qd8 31. Rxc5 dxc5 32. Rd1 Qg5 33. Qg3 f5 34.
exf5 gxf5 35. Be2 Qxg3 36. hxg3 e4 37. Kf1 Kg7 38. Bc4 f4 39. g4 Re8 40. Ke2
f3+ 41. gxf3 exf3+ 42. Kxf3 Rf8+ 43. Ke4 Rxf2 44. a4 Rg2 45. Kf3 Rf2+ 46. Kg3
Rf8 47. Rd2 Re8 48. Kf3 Kg6 49. Rh2 Re3+ 50. Kf4 Be5+ 51. Kxe3 Bxh2 52. Ke4 Bg3
53. Kd5 Be1 1/2-1/2

[Event "XIII Magistral de Elgoibar"]
[Site "Elgoibar"]
[Date "2003.12.05"]
[Round "3.1"]
[White "Saldano, Horacio"]
[Black "Argandona Rivero, Inigo"]
[Result "1-0"]
[WhiteElo "2424"]
[BlackElo "2344"]
[PlyCount "99"]
[EventDate "2003.12.03"]

1. e4 e6 2. d4 d5 3. e5 b6 4. c3 Qd7 5. a4 a5 6. Nd2 Ba6 7. Bxa6 Nxa6 8. Ne2 h5
9. O-O Ne7 10. Nf3 c5 11. Bg5 Nc6 12. Nf4 Be7 13. Bxe7 Qxe7 14. c4 dxc4 15. d5
O-O-O 16. d6 Qb7 17. Qe2 h4 18. Qxc4 g5 19. Nxg5 Nxe5 20. Qe2 f6 21. Ngxe6 Rxd6
22. Rad1 Rxd1 23. Rxd1 Nb4 24. Qh5 Qh7 25. Qe2 Qf5 26. Qd2 Nbd3 27. Nxd3 Qxe6
28. Nxe5 fxe5 29. h3 Kc7 30. Qg5 Rh7 31. Qd8+ Kb7 32. b4 Qc8 33. Qd3 Qc7 34.
bxa5 bxa5 35. Qe4+ Ka7 36. Rb1 Rd7 37. Qxh4 Rd4 38. Qf6 Rxa4 39. h4 Rf4 40. Qg5
Qh7 41. Rb5 Rxh4 42. Rxa5+ Kb7 43. f3 Rh1+ 44. Kf2 Qd7 45. Qe3 Qe7 46. Qe4+ Kb6
47. Ra4 Rh5 48. Qb1+ Kc6 49. Ra6+ Kd5 50. Qe4# 1-0

[Event "XIII Magistral de Elgoibar"]
[Site "Elgoibar"]
[Date "2003.12.05"]
[Round "3.2"]
[White "Perez Candelario, Manuel"]
[Black "Korneev, Oleg"]
[Result "0-1"]
[WhiteElo "2463"]
[BlackElo "2559"]
[PlyCount "132"]
[EventDate "2003.12.03"]

1. e4 Nf6 2. e5 Nd5 3. d4 d6 4. c4 Nb6 5. exd6 exd6 6. Nf3 Be7 7. Be2 O-O 8.
O-O Bg4 9. Nbd2 Re8 10. h3 Bh5 11. Re1 Bf6 12. g4 Bg6 13. Nf1 h6 14. Ne3 c5 15.
d5 N8d7 16. Qb3 Bd4 17. a4 Ne5 18. Nxe5 dxe5 19. Ng2 Nc8 20. Qxb7 Nd6 21. Qb3
Rb8 22. Qf3 Be4 23. Qg3 f5 24. gxf5 Nxf5 25. Qg4 Bxg2 26. Qxf5 Rf8 27. Qe6+ Kh8
28. Kxg2 Qh4 29. Be3 Qe4+ 30. Kg1 Bxe3 31. fxe3 Rb6 32. d6 Qxe3+ 33. Kh1 Qe4+
34. Kg1 Qe3+ 35. Kh1 Rxd6 36. Qg4 Rf4 37. Qc8+ Kh7 38. Bg4 Rdf6 39. Qb7 h5 40.
Rad1 Qf2 41. Be2 e4 42. Rg1 Rf7 43. Qd5 Qxe2 44. Rd2 Qf3+ 45. Kh2 e3 46. Rdg2
Qxd5 47. cxd5 Rf2 48. Re1 R7f3 49. d6 Rd2 50. Reg1 Rf6 51. Re1 Rg6 52. Rge2
Rgxd6 53. Kg3 Rxe2 54. Rxe2 Re6 55. Kg2 g5 56. Kf1 Kg6 57. Rc2 e2+ 58. Ke1 Re5
59. Rd2 a5 60. Rd6+ Kf5 61. Ra6 c4 62. Rc6 Kf4 63. Rxc4+ Kg3 64. Rc3+ Kg2 65.
Rb3 g4 66. hxg4 h4 0-1

[Event "XIII Magistral de Elgoibar"]
[Site "Elgoibar"]
[Date "2003.12.05"]
[Round "3.3"]
[White "Gonzalez de la Torre, Santiago"]
[Black "Perez, Rodney"]
[Result "0-1"]
[WhiteElo "2365"]
[BlackElo "2449"]
[PlyCount "142"]
[EventDate "2003.12.03"]

1. c4 d6 2. d4 e5 3. Nc3 exd4 4. Qxd4 Nc6 5. Qd2 Nf6 6. b3 Be6 7. e4 a5 8. Bd3
a4 9. Bb2 axb3 10. axb3 Rxa1+ 11. Bxa1 Nb4 12. Bb1 c6 13. Nf3 Be7 14. O-O O-O
15. Nd4 Bc8 16. f4 Re8 17. e5 Ng4 18. Ne4 dxe5 19. fxe5 Nxe5 20. Qf4 f6 21. Nf5
Bxf5 22. Qxf5 Ng6 23. Ng5 Qc8 24. Qf2 Qg4 25. Ne4 Rd8 26. h3 Qh5 27. Qg3 Rd1
28. Qb8+ Nf8 29. Qf4 Rxf1+ 30. Qxf1 Na6 31. Ng3 Bc5+ 32. Kh1 Qh4 33. Ne4 Bb4
34. g3 Qh6 35. Bb2 Nc5 36. Nd6 Qd2 37. Be5 Nxb3 38. Bf4 Qe1 39. Qxe1 Bxe1 40.
Nxb7 Ne6 41. Be4 Nxf4 42. gxf4 c5 43. f5 Kf8 44. Kg2 Ke7 45. Bc2 Nd4 46. Be4
Bb4 47. h4 Kd7 48. h5 Kc7 49. Kg3 Nb3 50. Bd5 Nd2 51. Kh4 Nf1 52. h6 gxh6 53.
Kh5 Ng3+ 54. Kg4 Ne2 55. Bf3 Nd4 56. Be4 Nc6 57. Bxc6 Kxc6 58. Nd8+ Kd7 59. Ne6
Kd6 60. Kf4 h5 61. Ke4 Bd2 62. Kd3 h4 63. Ke4 h3 64. Kf3 h2 65. Kg2 Be3 66.
Kxh2 Ke5 67. Ng7 Kd4 68. Ne8 Bg5 69. Kg3 Ke4 70. Nd6+ Kd3 71. Nf7 h6 0-1

[Event "XIII Magistral de Elgoibar"]
[Site "Elgoibar"]
[Date "2003.12.05"]
[Round "3.4"]
[White "Cifuentes Parada, Roberto"]
[Black "Paunovic, Dragan"]
[Result "1-0"]
[WhiteElo "2501"]
[BlackElo "2504"]
[PlyCount "79"]
[EventDate "2003.12.03"]

1. d4 d6 2. c4 e5 3. Nf3 e4 4. Ng5 Qe7 5. Nc3 Nf6 6. h4 h6 7. Nh3 g6 8. Nf4 c6
9. e3 Bg7 10. b3 O-O 11. Bb2 Na6 12. Qd2 Nc7 13. d5 c5 14. Be2 a6 15. a4 Bd7
16. a5 Rab8 17. Na4 Bxa4 18. Rxa4 b5 19. axb6 Rxb6 20. Bd1 Nd7 21. Bxg7 Kxg7
22. Qc3+ Ne5 23. Bc2 f5 24. f3 Qf6 25. Ke2 Nd7 26. Kd2 Qxc3+ 27. Kxc3 Nf6 28.
fxe4 fxe4 29. Raa1 Rbb8 30. Rh3 Kh7 31. g4 Nxg4 32. Bxe4 Kg7 33. Rg3 h5 34.
Bxg6 Nxe3 35. Bd3+ Ng4 36. Nxh5+ Kh6 37. Rxg4 Kxh5 38. Rg5+ Kh6 39. Rg6+ Kh5
40. Rag1 1-0

[Event "XIII Magistral de Elgoibar"]
[Site "Elgoibar"]
[Date "2003.12.05"]
[Round "3.5"]
[White "Conquest, Stuart"]
[Black "Gomez Esteban, Juan Mario"]
[Result "1-0"]
[WhiteElo "2424"]
[BlackElo "2344"]
[PlyCount "117"]
[EventDate "2003.12.03"]

1. e4 c5 2. Nc3 d6 3. f4 Nc6 4. Nf3 g6 5. Bc4 Bg7 6. O-O e6 7. d3 Nge7 8. Qe1
O-O 9. Kh1 Na5 10. Bd2 b6 11. Rd1 Bb7 12. a3 Nxc4 13. dxc4 a6 14. b3 Qc7 15.
Qh4 Rad8 16. Rde1 f6 17. Qh3 Qd7 18. Na4 Nc8 19. f5 exf5 20. exf5 d5 21. cxd5
Bxd5 22. Bf4 g5 23. Bc1 Rfe8 24. Nc3 Bc6 25. Re6 Rxe6 26. fxe6 Qe7 27. Bb2 Nd6
28. Re1 f5 29. Qh5 h6 30. h3 Qe8 31. e7 Rc8 32. Qxe8+ Bxe8 33. Re6 Rc6 34. Ne5
Bxe5 35. Rxe5 Kf7 36. Nd5 f4 37. h4 gxh4 38. Nxf4 Nc8 39. Nd5 h3 40. gxh3 Re6
41. Rxe6 Kxe6 42. Nc7+ Kxe7 43. Nxe8 Kxe8 44. Kg2 Kf7 45. Kf3 Nd6 46. Be5 Nf5
47. Ke4 Ke6 48. c4 b5 49. cxb5 axb5 50. a4 c4 51. a5 cxb3 52. a6 Nd6+ 53. Kd3
Nc8 54. Bd4 b2 55. Kc2 Kd5 56. a7 Nxa7 57. Bxa7 h5 58. h4 Kc4 59. Kxb2 1-0

[Event "XIII Magistral de Elgoibar"]
[Site "Elgoibar"]
[Date "2003.12.06"]
[Round "4.1"]
[White "Argandona Rivero, Inigo"]
[Black "Gomez Esteban, Juan Mario"]
[Result "1/2-1/2"]
[WhiteElo "2344"]
[BlackElo "2465"]
[PlyCount "92"]
[EventDate "2003.12.03"]

1. d4 d5 2. c4 c6 3. cxd5 cxd5 4. Nc3 Nc6 5. Nf3 Nf6 6. Bf4 a6 7. e3 Bg4 8. Be2
e6 9. O-O Be7 10. Ne5 Bxe2 11. Nxc6 Bxd1 12. Nxd8 Kxd8 13. Rfxd1 b5 14. Rac1
Rc8 15. Ne2 Kd7 16. Rxc8 Rxc8 17. Rc1 Rc4 18. Be5 Ne8 19. Kf1 f6 20. Bg3 g5 21.
h3 h5 22. Ke1 Ng7 23. b3 Rxc1+ 24. Nxc1 Nf5 25. Ne2 h4 26. Bh2 Ba3 27. Kd2 Ne7
28. Nc1 Bxc1+ 29. Kxc1 Nc6 30. Kd2 e5 31. Kc3 Ke6 32. a3 e4 33. Bc7 f5 34. Bh2
Kd7 35. Bg1 Nd8 36. Bh2 Nc6 37. Bg1 a5 38. Bh2 a4 39. bxa4 bxa4 40. Bg1 Kc7 41.
Bh2+ Kb6 42. Bd6 Kb5 43. Bc7 Ka6 44. Bd6 Kb5 45. Bc7 Ka6 46. Bd6 Kb5 1/2-1/2

[Event "XIII Magistral de Elgoibar"]
[Site "Elgoibar"]
[Date "2003.12.06"]
[Round "4.2"]
[White "Paunovic, Dragan"]
[Black "Conquest, Stuart"]
[Result "1/2-1/2"]
[WhiteElo "2504"]
[BlackElo "2545"]
[PlyCount "62"]
[EventDate "2003.12.03"]

1. d4 g6 2. Nf3 Bg7 3. g3 f5 4. Bg2 Nf6 5. O-O O-O 6. c3 Kh8 7. Nbd2 Nc6 8. Nc4
Qe8 9. Bf4 d6 10. Re1 Be6 11. Ncd2 Nh5 12. Nb3 Nxf4 13. gxf4 Bg8 14. e3 Bf6 15.
Qc2 a5 16. Nc1 Bd5 17. Ne2 Be4 18. Qd2 e5 19. d5 Ne7 20. c4 h6 21. Nc3 g5 22.
fxe5 dxe5 23. Qe2 Bxf3 24. Qxf3 g4 25. Qd1 e4 26. d6 cxd6 27. Qxd6 Rd8 28. Qa3
Nc6 29. Rad1 Qe7 30. Qxe7 Nxe7 31. Nd5 Nxd5 1/2-1/2

[Event "XIII Magistral de Elgoibar"]
[Site "Elgoibar"]
[Date "2003.12.06"]
[Round "4.3"]
[White "Perez, Rodney"]
[Black "Cifuentes Parada, Roberto"]
[Result "1/2-1/2"]
[WhiteElo "2449"]
[BlackElo "2501"]
[PlyCount "101"]
[EventDate "2003.12.03"]

1. e4 c5 2. Nf3 e6 3. b3 d6 4. Bb5+ Bd7 5. Bxd7+ Nxd7 6. O-O Ngf6 7. Qe2 Be7 8.
c4 O-O 9. Nc3 Ne5 10. Bb2 Nfd7 11. Rad1 Nxf3+ 12. Qxf3 Bf6 13. Qg3 Qe7 14. f4
Bd4+ 15. Kh1 f5 16. Rde1 Qf7 17. Bc1 a6 18. exf5 exf5 19. Nd5 Rae8 20. d3 Nf6
21. Nxf6+ Bxf6 22. Bd2 Qh5 23. Rxe8 Rxe8 24. Re1 Kf7 25. Rxe8 Kxe8 26. Qf3 Qxf3
27. gxf3 Kd7 28. Kg2 Kc6 29. Kf2 Bd4+ 30. Ke2 Kb6 31. Kd1 Bg1 32. h3 Bd4 33.
Kc2 g6 34. Kc1 Kc6 35. Kc2 b5 36. Kc1 d5 37. Kc2 Bf2 38. Kd1 b4 39. Ke2 Bg3 40.
Kf1 d4 41. Kg2 Bh4 42. Kf1 Kd7 43. Kg2 Ke6 44. Kf1 Kf7 45. Be1 Be7 46. Kg2 Kg7
47. h4 Kh6 48. Kh3 Kh5 49. Bf2 Bd6 50. Bg3 h6 51. Bh2 1/2-1/2

[Event "XIII Magistral de Elgoibar"]
[Site "Elgoibar"]
[Date "2003.12.06"]
[Round "4.4"]
[White "Korneev, Oleg"]
[Black "Gonzalez de la Torre, Santiago"]
[Result "1-0"]
[WhiteElo "2559"]
[BlackElo "2365"]
[PlyCount "113"]
[EventDate "2003.12.03"]

1. e4 e5 2. Nf3 Nc6 3. Bb5 Nf6 4. O-O Nxe4 5. d4 Nd6 6. Bxc6 dxc6 7. dxe5 Nf5
8. Qxd8+ Kxd8 9. Nc3 Ke8 10. h3 a5 11. a3 h6 12. Re1 Be7 13. Ne4 Nh4 14. Nxh4
Bxh4 15. e6 Bxe6 16. Nc5 b6 17. Nxe6 fxe6 18. Bf4 Ke7 19. Re4 Kf7 20. Rc4 c5
21. Bxc7 Bd8 22. Rf4+ Kg6 23. Rg4+ Kf6 24. Bd6 Ra7 25. Re1 Kf7 26. Be5 Bf6 27.
Bxf6 gxf6 28. Rd1 Rb7 29. Rd6 Ke7 30. Rd3 Kf7 31. Rdg3 Re7 32. a4 e5 33. Rg7+
Ke6 34. Rxe7+ Kxe7 35. Rg7+ Ke6 36. Rb7 f5 37. Rxb6+ Kd5 38. Rb5 e4 39. Rxa5
Kd4 40. g3 h5 41. c3+ Kd3 42. Rxc5 h4 43. Rd5+ Ke2 44. Rxf5 hxg3 45. fxg3 e3
46. a5 Kd2 47. Rd5+ Ke1 48. b4 e2 49. a6 Ra8 50. Rd6 Rc8 51. a7 Rxc3 52. Kg2
Ra3 53. Rd7 Ra6 54. b5 Rf6 55. h4 Rf2+ 56. Kh3 Rf8 57. Re7 1-0

[Event "XIII Magistral de Elgoibar"]
[Site "Elgoibar"]
[Date "2003.12.06"]
[Round "4.5"]
[White "Saldano, Horacio"]
[Black "Perez Candelario, Manuel"]
[Result "1-0"]
[WhiteElo "2424"]
[BlackElo "2463"]
[PlyCount "57"]
[EventDate "2003.12.03"]

1. e4 c5 2. Nf3 e6 3. d4 cxd4 4. Nxd4 a6 5. Nc3 Qc7 6. Bd3 Nf6 7. O-O d6 8. f4
g6 9. Kh1 Bg7 10. f5 gxf5 11. exf5 e5 12. Nf3 Nbd7 13. Bg5 Qc6 14. Qe2 b5 15.
Nd4 Qb6 16. Ne6 Rg8 17. Be4 Nxe4 18. Nd5 Bb7 19. Nxb6 Nxb6 20. Nc7+ Kf8 21.
Nxa8 Bxa8 22. Bh4 Bh6 23. Qh5 Be3 24. Rf3 Bg5 25. Bxg5 Rxg5 26. Qh6+ Kg8 27.
Re1 Rg4 28. Rxe4 Bxe4 29. Rg3 1-0

[Event "XIII Magistral de Elgoibar"]
[Site "Elgoibar"]
[Date "2003.12.07"]
[Round "5.1"]
[White "Perez Candelario, Manuel"]
[Black "Argandona Rivero, Inigo"]
[Result "1-0"]
[WhiteElo "2463"]
[BlackElo "2344"]
[PlyCount "53"]
[EventDate "2003.12.03"]

1. c4 c6 2. Nf3 Nf6 3. b3 g6 4. Bb2 Bg7 5. g3 O-O 6. Bg2 a5 7. Nc3 Ne4 8. Qc2
Nxc3 9. Bxc3 d5 10. Bxg7 Kxg7 11. Qb2+ f6 12. d4 a4 13. O-O Be6 14. Nd2 Qd7 15.
Rfe1 Rd8 16. Rad1 axb3 17. axb3 Na6 18. e4 dxc4 19. Nxc4 Bxc4 20. bxc4 c5 21.
e5 cxd4 22. Bd5 f5 23. e6 Qc7 24. Rxd4 Kg8 25. Rh4 Nc5 26. Qd2 Ne4 27. Rexe4
1-0

[Event "XIII Magistral de Elgoibar"]
[Site "Elgoibar"]
[Date "2003.12.07"]
[Round "5.2"]
[White "Gonzalez de la Torre, Santiago"]
[Black "Saldano, Horacio"]
[Result "1/2-1/2"]
[WhiteElo "2365"]
[BlackElo "2424"]
[PlyCount "24"]
[EventDate "2003.12.03"]

1. d4 d5 2. c4 c6 3. Nc3 Nf6 4. cxd5 cxd5 5. Bf4 Nc6 6. e3 a6 7. Bd3 Bg4 8. f3
Bh5 9. Qb3 Ra7 10. Rc1 e6 11. Nge2 Be7 12. O-O O-O 1/2-1/2

[Event "XIII Magistral de Elgoibar"]
[Site "Elgoibar"]
[Date "2003.12.07"]
[Round "5.3"]
[White "Cifuentes Parada, Roberto"]
[Black "Korneev, Oleg"]
[Result "1/2-1/2"]
[WhiteElo "2501"]
[BlackElo "2559"]
[PlyCount "39"]
[EventDate "2003.12.03"]

1. d4 d5 2. c4 e6 3. Nc3 Be7 4. Nf3 Nf6 5. Bg5 h6 6. Bh4 O-O 7. e3 Ne4 8. Bxe7
Qxe7 9. Rc1 c6 10. Bd3 Nxc3 11. Rxc3 Nd7 12. O-O e5 13. dxe5 dxc4 14. Rxc4 Nxe5
15. Re4 Nxf3+ 16. Qxf3 Be6 17. Bc4 Rad8 18. Bxe6 fxe6 19. Qg4 Rd6 20. Rd4
1/2-1/2

[Event "XIII Magistral de Elgoibar"]
[Site "Elgoibar"]
[Date "2003.12.07"]
[Round "5.4"]
[White "Conquest, Stuart"]
[Black "Perez, Rodney"]
[Result "1/2-1/2"]
[WhiteElo "2545"]
[BlackElo "2449"]
[PlyCount "61"]
[EventDate "2003.12.03"]

1. e4 d5 2. exd5 Qxd5 3. Nc3 Qd6 4. d4 Nf6 5. Nf3 a6 6. Bg5 Nbd7 7. Qe2 e6 8.
O-O-O Be7 9. g3 Nd5 10. Ne4 Bxg5+ 11. Nfxg5 Qe7 12. f4 b5 13. Bh3 O-O 14. Rhe1
h6 15. Nf3 Bb7 16. Qf2 N5f6 17. Nxf6+ Nxf6 18. f5 Bd5 19. Ne5 Bxa2 20. fxe6
Bxe6 21. Nxf7 Ng4 22. Bxg4 Rxf7 23. Bxe6 Qxe6 24. Qg2 Qc8 25. Qc6 Rf6 26. Qd5+
Kh8 27. Re7 c6 28. Qe4 Qg8 29. Kb1 Raf8 30. b3 a5 31. g4 1/2-1/2